|
|
|
|
| LEADER |
00000nam0a2200000 4500 |
| 001 |
200664 |
| 005 |
20231031184756.0 |
| 010 |
|
|
|a 5120018971
|
| 020 |
|
|
|a RU
|b 91-22370
|
| 035 |
|
|
|a (RuTPU)RU\TPU\book\218745
|
| 090 |
|
|
|a 200664
|
| 100 |
|
|
|a 20110912d1991 km y0rusy5003 ca
|
| 101 |
0 |
|
|a rus
|
| 102 |
|
|
|a UA
|
| 105 |
|
|
|a a z 001zy
|
| 200 |
1 |
|
|a Геологическое строение и вещественный состав пород импактных структур
|f Е. П. Гуров, Е. П. Гурова
|g Академия наук Украинской ССР (АН УССР), Институт геологических наук (ИГН)
|
| 210 |
|
|
|a Киев
|c Наук. думка
|d 1991
|
| 215 |
|
|
|a 160 с., [8] л. ил.
|c ил.
|d 21 см
|
| 320 |
|
|
|a Библиогр.: с. 151-158 (230 назв.).
|
| 610 |
1 |
|
|a метеоритные кратеры
|
| 610 |
1 |
|
|a импактиты
|
| 610 |
1 |
|
|a вещественный состав
|
| 610 |
1 |
|
|a геологическое строение
|
| 610 |
1 |
|
|a метаморфизм
|
| 610 |
1 |
|
|a петрография
|
| 675 |
|
|
|a 551.243.13
|z rus
|
| 686 |
|
|
|a 38.47
|2 rugasnti
|
| 700 |
|
1 |
|a Гуров
|b Е. П.
|g Евгений Петрович
|4 070
|
| 701 |
|
1 |
|a Гурова
|b Е. П.
|g Елена Павловна
|4 070
|
| 712 |
0 |
2 |
|a Академия наук Украинской ССР (АН УССР)
|b Институт геологических наук (ИГН)
|c (Киев)
|2 stltpush
|3 (RuTPU)RU\TPU\col\12890
|
| 801 |
|
0 |
|a RU
|b RuMRKP
|c 19950417
|g psbo
|
| 801 |
|
1 |
|a RU
|b 63413507
|c 20110912
|
| 801 |
|
2 |
|a RU
|b 63413507
|c 20110920
|g RCR
|
| 942 |
|
|
|c BK
|